[Event "Pardubice Open A"]
[Site "?"]
[Date "2015.07.25"]
[Round "2.57"]
[White "BABULA, Vlastimil"]
[Black "SMAGIN, Nikita"]
[Result "1/2-1/2"]
[WhiteElo "2559"]
[BlackElo "2104"]
[PlyCount "144"]
[EventDate "2015.??.??"]
[WhiteClock "0:04:20"]
[BlackClock "0:18:28"]

1. d4 Nf6 2. c4 c5 3. d5 b5 4. cxb5 a6 5. bxa6 g6 6. Nc3 Bxa6 7. e4 Bxf1 8.
Kxf1 d6 9. g3 Bg7 10. Kg2 Nbd7 11. Nf3 O-O 12. a4 Ra6 13. Qc2 Qa8 14. Nb5 Qb7
15. Ra3 e6 16. dxe6 fxe6 17. Re1 d5 18. exd5 exd5 19. Bf4 Ne4 20. Ng5 Nxg5 21.
Bxg5 Ne5 22. Bf4 d4+ 23. f3 d3 24. Rxd3 Nxd3 25. Qxd3 Kh8 26. b3 c4 27. bxc4
Rxa4 28. Re2 Qc6 29. Nd6 Ra1 30. Ne4 Rfa8 31. Qd5 Qxd5 32. cxd5 R1a2 33. Rxa2
Rxa2+ 34. Kh3 Kg8 35. d6 Ra7 36. Be3 Rd7 37. Bb6 Be5 38. f4 Rxd6 39. Bc5 Rd4
40. Bxd4 Bxd4 41. g4 Kg7 42. Kg3 Bb2 43. Kf3 Bc1 44. Nc5 Ba3 45. Ne6+ Kf6 46.
Ng5 Kg7 47. Ke4 Bc1 48. Ke5 Bb2+ 49. Ke4 Bc1 50. Ne6+ Kf6 51. Nf8 Kg7 52. Nd7
Bb2 53. h3 Kf7 54. Ne5+ Kf6 55. Nf3 Ba3 56. h4 Bb2 57. h5 gxh5 58. gxh5 Bc1 59.
Nh2 Bb2 60. Ng4+ Kg7 61. Kf5 Bc1 62. Ke5 Kf7 63. Nh6+ Kg7 64. Nf5+ Kf7 65. Nd6+
Kg7 66. Kf5 Ba3 67. Ne4 Bc1 68. Ke5 Bb2+ 69. Ke6 Kh6 70. Ng3 Bc3 71. f5 Be1 72.
Ne4 Kxh5 1/2-1/2

[Event "Pardubice Open A"]
[Site "?"]
[Date "2015.07.25"]
[Round "2.58"]
[White "KOVALEV, Andrei"]
[Black "OKUN, Evgeny"]
[Result "1-0"]
[WhiteElo "2491"]
[BlackElo "2252"]
[PlyCount "135"]
[EventDate "2015.??.??"]
[WhiteClock "0:10:07"]
[BlackClock "0:00:48"]

1. e4 c5 2. Nf3 d6 3. Bb5+ Bd7 4. Bxd7+ Qxd7 5. c4 Nc6 6. Nc3 Nf6 7. d4 cxd4 8.
Nxd4 g6 9. f3 Nxd4 10. Qxd4 Bg7 11. Qd3 O-O 12. O-O Qd8 13. Be3 Nd7 14. Rfc1
Ne5 15. Qe2 f5 16. exf5 gxf5 17. Rd1 b6 18. Rac1 Rc8 19. Nd5 e6 20. Nf4 Qe7 21.
b3 Rcd8 22. Kh1 Ng6 23. Qd2 Nxf4 24. Bxf4 e5 25. Bg5 Bf6 26. Bxf6 Qxf6 27. Rc3
Rfe8 28. Kg1 Kh8 29. Rd3 Re6 30. b4 Rc8 31. Rc1 Rg8 32. Rd5 f4 33. Re1 Qh4 34.
Qf2 Qh5 35. c5 bxc5 36. bxc5 dxc5 37. Qb2 Reg6 38. Re2 Rh6 39. h3 Rb6 40. Qxe5+
Qxe5 41. Rdxe5 Rc8 42. Kf2 c4 43. Rc2 c3 44. Ke2 Rd6 45. Re4 Rcd8 46. Rxf4 Rd2+
47. Rxd2 Rxd2+ 48. Ke3 Rxg2 49. a4 Ra2 50. Rc4 a5 51. Kd4 c2 52. Ke5 Kg7 53. f4
Rxa4 54. Rxc2 h5 55. f5 Rb4 56. Rc7+ Kg8 57. Ra7 Rb6 58. Kf4 Rb3 59. h4 Rb6 60.
Kg5 Rc6 61. Kxh5 Kh8 62. Kg5 Kg8 63. h5 Rb6 64. h6 Kh8 65. f6 Rb8 66. Kg6 Rg8+
67. Rg7 Rb8 68. Rh7+ 1-0

[Event "Pardubice Open A"]
[Site "?"]
[Date "2015.07.25"]
[Round "2.59"]
[White "LALIC, Bogdan"]
[Black "BORASO, Alessio"]
[Result "1-0"]
[WhiteElo "2480"]
[BlackElo "2232"]
[PlyCount "105"]
[EventDate "2015.??.??"]
[WhiteClock "0:58:58"]
[BlackClock "0:07:55"]

1. Nf3 Nf6 2. c4 g6 3. Nc3 Bg7 4. e4 d6 5. d4 O-O 6. h3 Na6 7. Bg5 Qe8 8. Be2
e5 9. d5 Nh5 10. g3 f5 11. exf5 gxf5 12. Nh4 Nf6 13. Qc2 Nb4 14. Qb3 a5 15. a3
Na6 16. Qc2 Nc5 17. Be3 Nfe4 18. Nxe4 Nxe4 19. g4 Qe7 20. Nxf5 Bxf5 21. gxf5
Nc5 22. Rg1 Kh8 23. O-O-O Qf6 24. Bxc5 dxc5 25. Bd3 Rg8 26. Be4 Bh6+ 27. Kb1
Rxg1 28. Rxg1 Rg8 29. Rxg8+ Kxg8 30. d6 cxd6 31. Bxb7 Qh4 32. Qa4 Qd8 33. Bd5+
Kg7 34. Qc6 Bg5 35. Kc2 Be7 36. Be6 Qf8 37. Qg2+ Kh8 38. Kb3 Qe8 39. Qb7 Bd8
40. Bd5 Be7 41. Qa7 Bd8 42. f3 Qf8 43. Qd7 Bg5 44. Ka4 Bc1 45. b3 Bb2 46. Be4
Qf6 47. Qc7 Bc3 48. Kb5 Bd2 49. Kc6 Bc1 50. Qxd6 Kg7 51. Qxf6+ Kxf6 52. Kxc5
Bxa3+ 53. Kb6 1-0

[Event "Pardubice Open A"]
[Site "?"]
[Date "2015.07.25"]
[Round "2.60"]
[White "FISCHER, Edwin"]
[Black "NAKAR, Eylon"]
[Result "0-1"]
[WhiteElo "2281"]
[BlackElo "2479"]
[PlyCount "86"]
[EventDate "2015.??.??"]
[WhiteClock "0:32:27"]
[BlackClock "0:27:18"]

1. d4 Nf6 2. Bg5 Ne4 3. Bf4 c5 4. f3 Qa5+ 5. Nd2 Nf6 6. c3 cxd4 7. Nb3 Qd8 8.
cxd4 e6 9. e4 d5 10. e5 Nfd7 11. Qd2 Nc6 12. Ne2 a5 13. Nc3 a4 14. Nc1 Qb6 15.
N1e2 a3 16. b3 Bb4 17. Be3 O-O 18. f4 Qa5 19. Rc1 b6 20. Rc2 f6 21. g3 Ba6 22.
Bh3 Nd8 23. Kf2 fxe5 24. Rhc1 e4 25. Kg2 Bd3 26. f5 exf5 27. Nf4 Bxc2 28. Rxc2
Nf6 29. Bxf5 Ra7 30. Qc1 g6 31. Bh3 g5 32. Ne6 g4 33. Nxf8 gxh3+ 34. Kxh3 Bxf8
35. Bg5 Bg7 36. Qf4 Rf7 37. Qd6 Rd7 38. Qf4 Ne6 39. Qf5 Nxg5+ 40. Qxg5 Qa8 41.
Nb5 Qe8 42. Kg2 e3 43. Rc6 e2 0-1

[Event "Pardubice Open A"]
[Site "?"]
[Date "2015.07.25"]
[Round "2.61"]
[White "JANSA, Vlastimil"]
[Black "THANNHEISER, Thomas"]
[Result "1-0"]
[WhiteElo "2457"]
[BlackElo "2232"]
[PlyCount "65"]
[EventDate "2015.??.??"]
[WhiteClock "0:14:20"]
[BlackClock "0:01:31"]

1. e4 e5 2. Nf3 Nc6 3. Bb5 a6 4. Ba4 Nf6 5. O-O Nxe4 6. d4 b5 7. Bb3 d5 8. dxe5
Be6 9. Qe2 Bc5 10. Be3 Qe7 11. Rd1 Rd8 12. Nbd2 Bxe3 13. Qxe3 Nc5 14. c3 O-O
15. Bc2 Rfe8 16. Re1 Nd7 17. a4 Qc5 18. Qf4 Nf8 19. Nb3 Qb6 20. a5 Qa7 21. h4
h6 22. h5 Rb8 23. Re3 Nd7 24. Nfd4 Nxd4 25. Nxd4 Qc5 26. Rg3 Kh8 27. b4 Qe7 28.
Nc6 Qf8 29. Nxb8 Rxb8 30. Qd4 c5 31. bxc5 Nxc5 32. f4 Rd8 33. Re1 1-0

[Event "Pardubice Open A"]
[Site "?"]
[Date "2015.07.25"]
[Round "2.62"]
[White "KOLOSOWSKI, Mateusz"]
[Black "LORSCHEID, Gerhard"]
[Result "1-0"]
[WhiteElo "2437"]
[BlackElo "2224"]
[PlyCount "69"]
[EventDate "2015.??.??"]
[WhiteClock "0:13:42"]
[BlackClock "0:01:39"]

1. d4 d6 2. Nf3 Nf6 3. g3 Nbd7 4. Bg2 e5 5. c4 Be7 6. O-O O-O 7. Nc3 c6 8. e4
a6 9. d5 cxd5 10. cxd5 b5 11. a3 Nb6 12. Ne1 Qc7 13. Nd3 Bd7 14. Bd2 Rac8 15.
Ne2 Rfe8 16. Ba5 Qb8 17. b3 Bd8 18. Qd2 Na8 19. Bb4 Bb6 20. Kh1 h6 21. h3 Nh7
22. f4 f6 23. g4 exf4 24. Qxf4 Rc2 25. Bxd6 Qa7 26. Rae1 Be3 27. Qg3 Bd2 28.
Rd1 Be3 29. Nef4 Qb6 30. e5 fxe5 31. Bxe5 Ng5 32. Nh5 Bd4 33. Bxd4 Qxd4 34. Nb4
Rd2 35. Nc2 1-0

[Event "Pardubice Open A"]
[Site "?"]
[Date "2015.07.25"]
[Round "2.63"]
[White "STELLA, Andrea"]
[Black "KOLOLLI, Kevin"]
[Result "1-0"]
[WhiteElo "2427"]
[BlackElo "2203"]
[PlyCount "57"]
[EventDate "2015.??.??"]
[WhiteClock "0:38:23"]
[BlackClock "1:08:58"]

1. Nf3 Nf6 2. c4 g6 3. g3 Bg7 4. Bg2 d6 5. d4 O-O 6. Nc3 Nbd7 7. O-O e5 8. e4
exd4 9. Nxd4 Re8 10. h3 Nc5 11. Re1 a5 12. Ndb5 h6 13. e5 Qe7 14. Bf4 dxe5 15.
Bxe5 Bf5 16. Nxc7 Nd3 17. Nxe8 Rxe8 18. Bxf6 Qxe1+ 19. Qxe1 Nxe1 20. Bxg7 Kxg7
21. Bxb7 Nc2 22. Rd1 Rb8 23. g4 Rxb7 24. gxf5 Rxb2 25. Rd2 gxf5 26. c5 h5 27.
c6 Rb6 28. Rxc2 Rxc6 29. Kg2 1-0

[Event "Pardubice Open A"]
[Site "?"]
[Date "2015.07.25"]
[Round "2.64"]
[White "PISCOPO, Pierluigi"]
[Black "WOZNIAK, Mariola"]
[Result "1/2-1/2"]
[WhiteElo "2422"]
[BlackElo "2199"]
[PlyCount "59"]
[EventDate "2015.??.??"]
[WhiteClock "0:02:47"]
[BlackClock "0:03:39"]

1. e4 c5 2. Nc3 d6 3. f4 g6 4. Nf3 Bg7 5. Bb5+ Bd7 6. Bc4 e6 7. d4 cxd4 8. Nxd4
a6 9. f5 d5 10. Bb3 gxf5 11. O-O dxe4 12. Nxf5 exf5 13. Nxe4 Qb6+ 14. Kh1 fxe4
15. Qh5 Kd8 16. Bg5+ f6 17. Qf7 Bh6 18. Bh4 e3 19. Qh5 Qb5 20. Bd5 Be8 21. Qf3
Nd7 22. c4 Qb6 23. c5 Qxc5 24. Rad1 Rc8 25. Bxg8 Rxg8 26. Bxf6+ Kc7 27. Rc1 Kb8
28. Rxc5 Rxc5 29. Bc3 Ka8 30. Qe4 1/2-1/2

[Event "Pardubice Open A"]
[Site "?"]
[Date "2015.07.25"]
[Round "2.65"]
[White "DVORAK, Adam"]
[Black "GARCIA ROMAN, Daniel"]
[Result "0-1"]
[WhiteElo "2230"]
[BlackElo "2420"]
[PlyCount "64"]
[EventDate "2015.??.??"]
[WhiteClock "0:01:16"]
[BlackClock "0:01:01"]

1. d4 Nf6 2. c4 e6 3. Nf3 b6 4. a3 Bb7 5. Nc3 d5 6. cxd5 Nxd5 7. Qc2 Be7 8. e4
Nxc3 9. bxc3 c5 10. Bb5+ Bc6 11. Bd3 Nd7 12. Bb2 Rc8 13. Qe2 O-O 14. O-O Re8
15. Rae1 Qc7 16. e5 Nf8 17. Nd2 Red8 18. f4 cxd4 19. cxd4 Qd7 20. f5 Bxa3 21.
Ba1 Bb4 22. Rf4 Qd5 23. Rf2 Bb5 24. fxe6 fxe6 25. Bxb5 Bxd2 26. Ref1 Be3 27.
Qxe3 Qxb5 28. Qa3 Qd7 29. Qh3 Ng6 30. d5 Qxd5 31. Qa3 a5 32. Rf7 Rf8 0-1

[Event "Pardubice Open A"]
[Site "?"]
[Date "2015.07.25"]
[Round "2.66"]
[White "SELIVERSTOV, Vladimir"]
[Black "BARTHEL, Ansgar"]
[Result "1-0"]
[WhiteElo "2420"]
[BlackElo "2187"]
[PlyCount "67"]
[EventDate "2015.??.??"]
[WhiteClock "1:20:49"]
[BlackClock "0:31:00"]

1. d4 d5 2. c4 e6 3. Nf3 c5 4. cxd5 exd5 5. g3 Nc6 6. Bg2 Nf6 7. O-O Be7 8.
dxc5 Bxc5 9. a3 O-O 10. b4 Be7 11. Bb2 a6 12. Nc3 Bg4 13. Nd4 Qd7 14. Na4 Nxd4
15. Bxd4 Qe6 16. Re1 Rad8 17. Rc1 Rfe8 18. Qb3 Qd6 19. Nc5 Bc8 20. Red1 b6 21.
Na4 b5 22. Nc3 Bb7 23. Bxf6 Bxf6 24. Nxd5 Bxd5 25. Bxd5 Qe7 26. e3 g6 27. Rc6
Kg7 28. Rxa6 Rc8 29. Bc6 Red8 30. Rxd8 Qxd8 31. Qd5 Qxd5 32. Bxd5 Rd8 33. Bc6
Rd3 34. Bxb5 1-0

[Event "Pardubice Open A"]
[Site "?"]
[Date "2015.07.25"]
[Round "2.67"]
[White "ROEDER, Matthias"]
[Black "ASEEVA, Marina"]
[Result "1-0"]
[WhiteElo "2411"]
[BlackElo "2184"]
[PlyCount "65"]
[EventDate "2015.??.??"]
[WhiteClock "0:55:38"]
[BlackClock "0:09:25"]

1. Nf3 d5 2. d4 Nf6 3. Bf4 c6 4. e3 Bf5 5. c4 e6 6. Nc3 Be7 7. Qb3 Qb6 8. c5
Qxb3 9. axb3 Nbd7 10. b4 Nh5 11. Bc7 Rc8 12. Be5 a6 13. h3 Nhf6 14. Bh2 h6 15.
Nd2 O-O 16. Nb3 Bd8 17. Na5 Bxa5 18. bxa5 Ne8 19. Na4 Nc7 20. Nb6 Nxb6 21. axb6
Nb5 22. Kd2 f6 23. Bxb5 cxb5 24. Bc7 e5 25. c6 bxc6 26. Rxa6 exd4 27. exd4 Rf7
28. Rha1 Kf8 29. Bd6+ Ke8 30. Ra7 Rd7 31. Re1+ Kd8 32. Be7+ Rxe7 33. Rexe7 1-0

[Event "Pardubice Open A"]
[Site "?"]
[Date "2015.07.25"]
[Round "2.68"]
[White "KOLOLLI, Martin"]
[Black "MANIK, Mikulas"]
[Result "0-1"]
[WhiteElo "2187"]
[BlackElo "2408"]
[PlyCount "104"]
[EventDate "2015.??.??"]
[WhiteClock "0:03:20"]
[BlackClock "0:15:05"]

1. e4 c5 2. c3 d5 3. exd5 Qxd5 4. d4 g6 5. Nf3 Bg7 6. Na3 Nh6 7. Bc4 Qe4+ 8.
Be3 cxd4 9. Nb5 O-O 10. cxd4 Nc6 11. Nc3 Qf5 12. O-O Ng4 13. a3 e5 14. Bd3 Qh5
15. d5 Nd4 16. h3 Nxe3 17. fxe3 Nxf3+ 18. Qxf3 Qxf3 19. Rxf3 Bd7 20. Rd1 Rac8
21. e4 Rfd8 22. Rdf1 Be8 23. Kh2 h5 24. R3f2 a6 25. Kg3 Rd6 26. Rc2 Bh6 27. Rf3
Rb6 28. b4 a5 29. Na2 Ra8 30. bxa5 Rb3 31. a6 bxa6 32. Be2 Rxf3+ 33. gxf3 Bf8
34. Nb4 a5 35. Na6 Bxa3 36. Ra2 Bd6 37. Rxa5 Kf8 38. Ra2 Bd7 39. Rc2 Ke7 40.
Bf1 f5 41. Rc3 f4+ 42. Kh2 Rc8 43. Rb3 Rc1 44. Bg2 Bc8 45. Nb4 Bc5 46. Bh1 Bf2
47. Kg2 Bg3 48. h4 g5 49. Nc6+ Kd6 50. Na7 Rc2+ 51. Kg1 Bf2+ 52. Kg2 Bxa7+ 0-1

[Event "Pardubice Open A"]
[Site "?"]
[Date "2015.07.25"]
[Round "2.69"]
[White "KEARNS, Christopher"]
[Black "CAMARENA GIMENEZ, Rufino"]
[Result "0-1"]
[WhiteElo "2176"]
[BlackElo "2378"]
[PlyCount "86"]
[EventDate "2015.??.??"]
[WhiteClock "0:01:51"]
[BlackClock "0:05:11"]

1. e4 e6 2. d4 d5 3. e5 c5 4. c3 Nc6 5. Nf3 Nge7 6. Bd3 cxd4 7. cxd4 Bd7 8. O-O
Ng6 9. a3 Be7 10. b4 O-O 11. g3 f6 12. h4 fxe5 13. Bxg6 hxg6 14. Nxe5 Nxe5 15.
dxe5 a5 16. bxa5 Bb5 17. Re1 Bc5 18. Ra2 Bc6 19. Qg4 Qxa5 20. Rf1 Bb5 21. Qxe6+
Kh7 22. Bd2 Qd8 23. Bg5 Qa5 24. Rc1 Bc4 25. Rb2 Rae8 26. Qg4 Rxe5 27. Bd2 Rxf2
28. Bxa5 Rxb2+ 29. Kh1 Be2 30. Qf4 Rf5 31. Rxc5 Rxf4 32. gxf4 Rxb1+ 33. Kh2 b6
34. Rc2 Bd1 35. Rd2 bxa5 36. Rxd5 a4 37. h5 gxh5 38. Kg3 Rb3+ 39. Kh4 Bg4 40.
Ra5 Rxa3 41. Kg5 Ra1 42. Ra7 a3 43. f5 Bxf5 0-1

[Event "Pardubice Open A"]
[Site "?"]
[Date "2015.07.25"]
[Round "2.70"]
[White "REHN, Ralf"]
[Black "MOEHN, Hans"]
[Result "0-1"]
[WhiteElo "2156"]
[BlackElo "2372"]
[PlyCount "160"]
[EventDate "2015.??.??"]
[WhiteClock "0:02:19"]
[BlackClock "0:01:18"]

1. e4 c5 2. Nf3 e6 3. d4 cxd4 4. Nxd4 Nc6 5. Nc3 Qc7 6. Be2 a6 7. Nb3 Nf6 8.
Be3 Be7 9. O-O O-O 10. f4 d6 11. Bf3 b5 12. Qe2 Bb7 13. Qf2 Rac8 14. Bb6 Qb8
15. Rad1 Ba8 16. Rfe1 Nd7 17. Be3 Rfd8 18. Nd5 exd5 19. exd5 Nce5 20. fxe5 Nxe5
21. Be4 Re8 22. Nd4 Bf8 23. Qg3 Ng6 24. Bf3 Re5 25. Nc6 Bxc6 26. dxc6 Ne7 27.
Qf4 Nxc6 28. Bd5 Qc7 29. Rf1 Nd8 30. c3 Ne6 31. Qf3 g6 32. g4 Bg7 33. Kh1 Rf8
34. Bf2 Nc5 35. Bg3 Re7 36. Bh4 Re5 37. Bg3 Re7 38. Bh4 Ree8 39. Rde1 Ne6 40.
Bf6 Bxf6 41. Qxf6 Nd8 42. Qf3 Re7 43. Qf6 Rfe8 44. Rxe7 Qxe7 45. Qf3 Kg7 46.
Kg2 Qe2+ 47. Rf2 Qxf3+ 48. Kxf3 Re5 49. Rd2 Kf6 50. b4 Ke7 51. a4 Kd7 52. c4
bxa4 53. Ra2 Kc7 54. Rxa4 Kb6 55. Ra3 Ne6 56. Rd3 Kc7 57. h4 f6 58. Rd1 h6 59.
Be4 g5 60. Bf5 Ng7 61. hxg5 Nxf5 62. gxf5 Rxf5+ 63. Kg4 Rxg5+ 64. Kf4 h5 65.
Ke4 h4 66. Rf1 f5+ 67. Kd5 h3 68. Rh1 Rh5 69. Rh2 Rh4 70. b5 axb5 71. cxb5 Rb4
72. Rxh3 Rxb5+ 73. Ke6 Re5+ 74. Kf6 Kd7 75. Rf3 Kc6 76. Rc3+ Kd5 77. Ra3 f4 78.
Ra1 Ke4 79. Re1+ Kf3 80. Rd1 Ra5 0-1

[Event "Pardubice Open A"]
[Site "?"]
[Date "2015.07.25"]
[Round "2.71"]
[White "SEGER, Ruediger"]
[Black "HANSCH, Stephan"]
[Result "1-0"]
[WhiteElo "2371"]
[BlackElo "2179"]
[PlyCount "39"]
[EventDate "2015.??.??"]
[WhiteClock "0:33:32"]
[BlackClock "0:59:06"]

1. e4 c5 2. b3 Nc6 3. Bb2 d6 4. Bb5 Bd7 5. f4 Nd4 6. Bxd7+ Qxd7 7. Nf3 e5 8.
O-O Qc7 9. Nxd4 cxd4 10. c3 dxc3 11. Nxc3 Nf6 12. fxe5 dxe5 13. Rxf6 gxf6 14.
Nd5 Qd8 15. Rc1 Rc8 16. Nxf6+ Qxf6 17. Rxc8+ Kd7 18. Qg4+ Qe6 19. Qxe6+ Kxe6
20. Re8+ 1-0

[Event "Pardubice Open A"]
[Site "?"]
[Date "2015.07.25"]
[Round "2.72"]
[White "KOZLITIN, Oleg"]
[Black "BARRISH, Daniel"]
[Result "1-0"]
[WhiteElo "2352"]
[BlackElo "2150"]
[PlyCount "115"]
[EventDate "2015.??.??"]
[WhiteClock "0:09:56"]
[BlackClock "0:01:40"]

1. e4 c5 2. Nf3 e6 3. d4 cxd4 4. Nxd4 a6 5. c4 Nf6 6. Nc3 Qc7 7. Nc2 Be7 8. Be2
b6 9. Be3 d6 10. Qd2 Bb7 11. f3 O-O 12. Rc1 Nbd7 13. O-O Rac8 14. Rfd1 Rfe8 15.
Bf1 Qb8 16. Qf2 Bd8 17. g4 Ne5 18. g5 Nfd7 19. Na3 Bc7 20. h4 f5 21. Be2 fxe4
22. fxe4 Nc5 23. Rd4 Qa8 24. Qg2 Ng6 25. h5 e5 26. Rdd1 Nf4 27. Bxf4 exf4 28.
Nd5 Bxd5 29. Rxd5 Rxe4 30. Bf3 Rce8 31. Nc2 b5 32. b4 bxc4 33. Rcd1 Na4 34.
Bxe4 Nc3 35. Bf3 Nxd1 36. Rxd1 Qd8 37. Bd5+ Kh8 38. Bxc4 Re5 39. Rd5 Bb6+ 40.
Kf1 Qc8 41. Rxe5 dxe5 42. Bb3 a5 43. bxa5 Bxa5 44. Qf3 Bd8 45. g6 Qa6+ 46. Qe2
Qd6 47. Qc4 Qf8 48. Qf7 Be7 49. Qxf8+ Bxf8 50. Bd5 hxg6 51. hxg6 Bd6 52. Ke2 e4
53. Bxe4 Kg8 54. Kd3 Kf8 55. a4 Bc7 56. Nb4 Ke8 57. Nd5 Bd8 58. Bf5 1-0

[Event "Pardubice Open A"]
[Site "?"]
[Date "2015.07.25"]
[Round "2.73"]
[White "KOZUSEK, Daniel"]
[Black "KRATOCHVIL, Vit"]
[Result "1/2-1/2"]
[WhiteElo "2346"]
[BlackElo "2140"]
[PlyCount "47"]
[EventDate "2015.??.??"]
[WhiteClock "0:21:12"]
[BlackClock "0:15:10"]

1. d4 Nf6 2. c4 c5 3. d5 e5 4. Nc3 d6 5. e4 g6 6. g3 Bg7 7. Bg2 O-O 8. Nge2 Na6
9. O-O Nc7 10. a4 a6 11. a5 Rb8 12. Bd2 Bd7 13. b4 cxb4 14. Na2 Qc8 15. Bxb4
Nce8 16. c5 Bh3 17. Qd3 Bxg2 18. Kxg2 dxc5 19. Rfc1 Nd7 20. Qe3 Nd6 21. Bxc5
Nxc5 22. Rxc5 Qd7 23. Rac1 Rfc8 24. f3 1/2-1/2

[Event "Pardubice Open A"]
[Site "?"]
[Date "2015.07.25"]
[Round "2.74"]
[White "YAGUPOV, Igor"]
[Black "PETR, Jan"]
[Result "1-0"]
[WhiteElo "2342"]
[BlackElo "2134"]
[PlyCount "57"]
[EventDate "2015.??.??"]
[WhiteClock "0:09:05"]
[BlackClock "0:06:01"]

1. Nf3 Nf6 2. c4 e6 3. g3 b6 4. Bg2 Bb7 5. O-O Be7 6. Nc3 O-O 7. Re1 d5 8. cxd5
exd5 9. d4 Ne4 10. Bf4 Nd7 11. Rc1 Rc8 12. Qa4 a6 13. Nxe4 dxe4 14. Ne5 Nxe5
15. dxe5 Qd5 16. Red1 Qe6 17. Bxe4 Bxe4 18. Qxe4 Qxa2 19. Rd7 Bc5 20. Rc4 Qxb2
21. Bg5 Rce8 22. Rxc5 bxc5 23. Be7 Qb6 24. Qd5 Rxe7 25. Rxe7 a5 26. Kg2 c4 27.
e3 c6 28. Qd7 Qd8 29. e6 1-0

[Event "Pardubice Open A"]
[Site "?"]
[Date "2015.07.25"]
[Round "2.75"]
[White "XYLOGIANNOPOULOS, Antonios"]
[Black "GAEHWILER, Gabriel"]
[Result "1-0"]
[WhiteElo "2153"]
[BlackElo "2342"]
[PlyCount "61"]
[EventDate "2015.??.??"]
[WhiteClock "0:11:49"]
[BlackClock "0:02:01"]

1. e4 c5 2. c3 d6 3. d4 Nf6 4. Bd3 g6 5. Nf3 Bg7 6. O-O O-O 7. h3 Nc6 8. Re1 e5
9. dxc5 d5 10. Nbd2 a5 11. exd5 Qxd5 12. Qe2 Qxc5 13. Ne4 Nxe4 14. Bxe4 Re8 15.
Be3 Qe7 16. Qb5 f5 17. Bd5+ Kh8 18. Ng5 h6 19. Nf7+ Kh7 20. Bc5 Qf6 21. Rad1
Be6 22. Nd6 Reb8 23. Nc4 a4 24. Bd6 Rd8 25. Qxb7 Bxd5 26. Rxd5 Na5 27. Nxa5
Rxa5 28. Rxa5 Rxd6 29. Raxe5 Rb6 30. Qc7 Rxb2 31. Re7 1-0

[Event "Pardubice Open A"]
[Site "?"]
[Date "2015.07.25"]
[Round "2.76"]
[White "LOMASOV, Semen"]
[Black "HURDZAN, Tomas"]
[Result "1-0"]
[WhiteElo "2342"]
[BlackElo "2129"]
[PlyCount "203"]
[EventDate "2015.??.??"]
[WhiteClock "0:28:12"]
[BlackClock "0:18:06"]

1. e4 c5 2. Nf3 Nc6 3. d4 cxd4 4. Nxd4 g6 5. Nc3 Bg7 6. Be3 Nf6 7. Bc4 O-O 8.
Bb3 a5 9. f3 d5 10. Bxd5 Nxd5 11. exd5 Nb4 12. Nde2 Bf5 13. Rc1 b5 14. a3 Nxc2+
15. Rxc2 Bxc2 16. Qxc2 b4 17. Na4 Qxd5 18. Nb6 Qe6 19. Kf2 Rab8 20. Nf4 Qa2 21.
axb4 axb4 22. Nd3 b3 23. Qe2 Rfd8 24. Nb4 Qxb2 25. Qxb2 Bxb2 26. Nc6 Rxb6 27.
Nxd8 Ra6 28. Rb1 Ra2 29. Kg3 Be5+ 30. f4 Rb2 31. Rc1 Bf6 32. Nc6 Ra2 33. Rb1 b2
34. Bd4 Bxd4 35. Nxd4 Kg7 36. Nc2 Kf6 37. Kf2 Kf5 38. g3 h5 39. Nb4 Ra3 40.
Rxb2 h4 41. Nc2 hxg3+ 42. hxg3 Rd3 43. Rb5+ Kf6 44. Ne3 Ra3 45. Kf3 Kg7 46. g4
f6 47. Rc5 Kf7 48. Ke4 Ra4+ 49. Rc4 Ra1 50. Kd4 Ra2 51. Rc7 Ra4+ 52. Nc4 Ke6
53. Rc6+ Kf7 54. Kd5 Ra1 55. Ne3 Re1 56. Kd4 Ra1 57. Ke4 Ra4+ 58. Rc4 Ra1 59.
Rb4 Re1 60. Kf3 Ra1 61. Nc2 Rf1+ 62. Kg2 Rd1 63. Kf3 Rd2 64. Ne3 Ra2 65. Ke4
Re2 66. Rb7 Re1 67. f5 gxf5+ 68. gxf5 Ra1 69. Nd5 Re1+ 70. Kd4 Rd1+ 71. Ke4
Re1+ 72. Ne3 Ra1 73. Nc2 Rc1 74. Nd4 Re1+ 75. Kf4 Rf1+ 76. Kg4 Rg1+ 77. Kf3
Rf1+ 78. Ke2 Rf4 79. Ke3 Rf1 80. Rb5 Re1+ 81. Kf3 Rf1+ 82. Ke2 Rc1 83. Ne6 Rc8
84. Rd5 Rc2+ 85. Kf3 Rc3+ 86. Ke4 Rc4+ 87. Rd4 Rc3 88. Rd3 Rc4+ 89. Kd5 Rg4 90.
Rh3 Kg8 91. Kc6 Ra4 92. Rg3+ Kh8 93. Kd7 Ra5 94. Rf3 Ra7+ 95. Ke8 Ra4 96. Rh3+
Kg8 97. Rg3+ Kh8 98. Kxe7 Ra7+ 99. Kxf6 Rh7 100. Ke5 Rh5 101. Nf4 Rh1 102. Rh3+
1-0

[Event "Pardubice Open A"]
[Site "?"]
[Date "2015.07.25"]
[Round "2.77"]
[White "VEZZANI, Stefano"]
[Black "PARAMZINA, Anastasya"]
[Result "1/2-1/2"]
[WhiteElo "2129"]
[BlackElo "2328"]
[PlyCount "47"]
[EventDate "2015.??.??"]
[WhiteClock "0:19:35"]
[BlackClock "0:17:46"]

1. a3 d5 2. d3 e5 3. Nf3 Bd6 4. e4 c6 5. d4 exd4 6. Qxd4 dxe4 7. Qxe4+ Ne7 8.
Bd3 Nd7 9. Qh4 Nc5 10. Be2 Bf5 11. Nd4 Bg6 12. Nd2 O-O 13. N2f3 Nf5 14. Qxd8
Raxd8 15. Nxf5 Bxf5 16. Nd4 Bg6 17. Be3 f5 18. b4 Be5 19. O-O-O Ne4 20. Ne6
Rxd1+ 21. Rxd1 Re8 22. Rd8 Bxh2 23. Bxa7 Bf4+ 24. Kb2 1/2-1/2

[Event "Pardubice Open A"]
[Site "?"]
[Date "2015.07.25"]
[Round "2.78"]
[White "PANAGIOTAKOS, Nikolaos"]
[Black "MAREK, Matyas"]
[Result "1-0"]
[WhiteElo "2121"]
[BlackElo "2326"]
[PlyCount "117"]
[EventDate "2015.??.??"]
[WhiteClock "0:24:30"]
[BlackClock "0:35:58"]

1. e4 c5 2. Nf3 d6 3. d4 cxd4 4. Nxd4 Nf6 5. Nc3 a6 6. Be2 e5 7. Nb3 Be7 8. Be3
Be6 9. O-O O-O 10. Nd5 Nbd7 11. Qd3 Bxd5 12. exd5 Nc5 13. Nxc5 dxc5 14. Rfd1
Bd6 15. c4 Qc7 16. Qf5 e4 17. g3 Rae8 18. Bf4 Nd7 19. Bg4 Ne5 20. Qxe4 Qb6 21.
Bxe5 Bxe5 22. Qc2 Bd4 23. Re1 Qxb2 24. Qxb2 Bxb2 25. Rxe8 Bxa1 26. Rxf8+ Kxf8
27. Bc8 Ke7 28. Bxb7 a5 29. Kf1 Be5 30. Ke2 Bd6 31. Kd3 Bc7 32. Bc6 Kd6 33. Be8
Ke7 34. Ba4 Bd6 35. Bc2 h6 36. h4 f6 37. h5 Be5 38. Ke4 Bc7 39. Kf5 Bd6 40. Kg6
Kf8 41. Bf5 Be5 42. Bg4 Bd6 43. f4 Kg8 44. Bd7 Kf8 45. Kf5 Ke7 46. Be6 Kf8 47.
a4 Ke7 48. Bg8 Bc7 49. d6+ Bxd6 50. Ke4 Kd7 51. Kd5 Bf8 52. Be6+ Ke7 53. Bf5
Ke8 54. Kc6 Kd8 55. Kb6 Bd6 56. Kxa5 Kc7 57. Kb5 Be7 58. a5 Kb7 59. Be4+ 1-0

[Event "Pardubice Open A"]
[Site "?"]
[Date "2015.07.25"]
[Round "2.79"]
[White "MICHENKA, Jozef"]
[Black "MIRZOYAN, David"]
[Result "1-0"]
[WhiteElo "2323"]
[BlackElo "2128"]
[PlyCount "95"]
[EventDate "2015.??.??"]
[WhiteClock "0:05:43"]
[BlackClock "0:29:43"]

1. d4 f5 2. g3 Nf6 3. Bg2 g6 4. Nf3 Bg7 5. O-O O-O 6. b3 d6 7. Bb2 c6 8. Nbd2
Na6 9. c4 Nc7 10. Qc2 Bd7 11. e4 fxe4 12. Nxe4 Bf5 13. Nh4 Nxe4 14. Bxe4 e6 15.
Rfe1 Qf6 16. f4 g5 17. fxg5 Qxg5 18. Rad1 Bxe4 19. Qxe4 Rf7 20. Rf1 Raf8 21.
Rxf7 Rxf7 22. Nf3 Qf5 23. Qxf5 Rxf5 24. Kg2 b5 25. Ba3 Bf8 26. Nh4 Rf7 27. Re1
a5 28. Nf3 h6 29. Bc1 a4 30. Bf4 a3 31. Bd2 bxc4 32. bxc4 Rf6 33. Bf4 Rf5 34.
Nh4 Rf6 35. Rb1 Ne8 36. Rb8 Kf7 37. Rb7+ Be7 38. Bc1 Kf8 39. Bxa3 c5 40. dxc5
dxc5 41. Bb2 e5 42. Bxe5 Ra6 43. Nf5 Rxa2+ 44. Kf3 Ra3+ 45. Ke4 Bg5 46. Kd5 Rf3
47. Ke6 Ra3 48. Rb8 1-0

[Event "Pardubice Open A"]
[Site "?"]
[Date "2015.07.25"]
[Round "2.80"]
[White "BIT-NARVA, David"]
[Black "MISHUCHKOV, Nikolai M"]
[Result "0-1"]
[WhiteElo "2117"]
[BlackElo "2320"]
[PlyCount "130"]
[EventDate "2015.??.??"]
[WhiteClock "0:02:37"]
[BlackClock "0:19:24"]

1. d4 Nf6 2. Nc3 d5 3. Bg5 Nbd7 4. Qd3 h6 5. Bh4 c6 6. Nf3 Qa5 7. Qd2 e6 8. Ne4
Bb4 9. Nxf6+ Nxf6 10. c3 Be7 11. e3 Ne4 12. Qc2 Bxh4 13. Nxh4 c5 14. dxc5 Qxc5
15. Bd3 Nd6 16. O-O Bd7 17. Nf3 O-O 18. Nd2 Bb5 19. Rfe1 Bxd3 20. Qxd3 Rfd8 21.
Rad1 Qb6 22. b3 Rac8 23. Rc1 a5 24. h3 Qc6 25. Nf3 b5 26. Ne5 Qc7 27. Nf3 Qc5
28. Qd4 Ne4 29. Qxc5 Rxc5 30. b4 Rxc3 31. bxa5 Ra8 32. Nd4 Rxa5 33. f3 Rxc1 34.
Rxc1 Nd6 35. Rc2 g5 36. Rb2 Kg7 37. Kf2 h5 38. Nc6 Ra4 39. Nd4 b4 40. Nc6 Nc4
41. Rc2 Na5 42. Nd4 Kf6 43. Ke2 h4 44. Kf2 Nc4 45. e4 Ke5 46. Nc6+ Kd6 47. exd5
Kxd5 48. Nd8 Ra7 49. Nc6 Kxc6 50. Rxc4+ Kb5 51. Rc2 Ra3 52. g3 Rc3 53. Re2 Ka4
54. gxh4 gxh4 55. Re4 Rc2+ 56. Ke3 Rxa2 57. Rxh4 Ka3 58. Rh7 b3 59. Rxf7 b2 60.
Rb7 Ra1 61. Ra7+ Kb3 62. Rb7+ Kc2 63. Rc7+ Kd1 64. Rd7+ Ke1 65. Rg7 Kf1 0-1